| 000 | 00433nam a2200157Ia 4500 | ||
|---|---|---|---|
| 008 | 231011s2021 xx 000 0 und d | ||
| 020 | _a9789350000000 | ||
| 041 | _aeng | ||
| 082 | _a510.76/ZAH | ||
| 100 | _aKathy A. Zahler, MS | ||
| 245 | _aMcGraw-Hill Education Conquering GRE Verbal Reasoning and Analytical Writing, 2nd Ed. | ||
| 250 | _a2nd Ed. | ||
| 260 |
_aChennai _bMC GRAW HILL _c2021 |
||
| 300 | _a229 | ||
| 365 | _b799 | ||
| 999 |
_c882252 _d882252 |
||